[Event "Carnaval Quebec U2000"]
[Site "St-Augustin CAN"]
[Date "1999.03.06"]
[Round "2"]
[White "Morin, Jean-Pascal"]
[Black "Morin, Louis"]
[Result "1-0"]
[WhiteElo "1762"]
[BlackElo "1870"]
[PlyCount "71"]
[GameId "2160767911805443"]
[EventDate "1999.03.05"]
[EventType "swiss"]
[EventRounds "5"]
[EventCountry "CAN"]
[SourceTitle "hb 2013"]

1. e4 c5 2. Nf3 e6 3. d4 cxd4 4. Nxd4 Nf6 5. Nc3 Nc6 6. Nxc6 bxc6 7. e5 Nd5 8. Ne4 f5 9. exf6 Nxf6 10. Nd6+ Bxd6 11. Qxd6 Qe7 12. Qxe7+ Kxe7 13. Be3 d6 14. O-O-O h6 15. Be2 Bd7 16. Bf3 e5 17. h3 Rac8 18. Rhe1 g5 19. Rd3 Rc7 20. Ra3 c5 21. Rd1 g4 22. hxg4 Nxg4 23. Ra6 Nxe3 24. fxe3 Rf8 25. Rdxd6 e4 26. Bxe4 Rf1+ 27. Kd2 Bg4 28. Rxh6 Rd7+ 29. Kc3 Rf7 30. Rhg6 Be2 31. Rae6+ Kf8 32. Bc6 Rde7 33. Rd6 Rg7 34. Rd8+ Kf7 35. Rxg7+ Kxg7 36. Rd7 1-0

[Event "Carnaval Quebec U2000"]
[Site "St-Augustin CAN"]
[Date "1999.03.06"]
[Round "3"]
[White "Morin, Louis"]
[Black "Bolduc, Michel"]
[Result "1-0"]
[WhiteElo "1870"]
[BlackElo "1576"]
[PlyCount "107"]
[GameId "2160767911805444"]
[EventDate "1999.03.05"]
[EventType "swiss"]
[EventRounds "5"]
[EventCountry "CAN"]
[SourceTitle "hb 2013"]

1. e4 e5 2. Nf3 Nc6 3. Bb5 a6 4. Bxc6 dxc6 5. O-O f6 6. d4 exd4 7. Nxd4 c5 8. Ne2 Qxd1 9. Rxd1 Bd6 10. Bf4 Bxf4 11. Nxf4 Ne7 12. Nc3 Bd7 13. Nfd5 Nxd5 14. Rxd5 b6 15. Rad1 Bc6 16. R5d2 Ke7 17. Nd5+ Bxd5 18. Rxd5 Rad8 19. Rxd8 Rxd8 20. Rxd8 Kxd8 21. f4 c4 22. c3 b5 23. Kf2 c5 24. Kf3 Ke7 25. g4 a5 26. h4 a4 27. a3 h6 28. h5 Ke6 29. Ke3 Kd6 30. Kf3 Ke6 31. Kg3 Kd6 32. g5 Ke6 33. Kg4 b4 34. f5+ Ke7 35. gxf6+ gxf6 36. Kf4 Kd6 37. e5+ fxe5+ 38. Ke4 b3 39. f6 Ke6 40. f7 Kxf7 41. Kxe5 Ke7 42. Kd5 Kf6 43. Kxc4 Kg5 44. Kxc5 Kxh5 45. c4 Kg5 46. Kd6 h5 47. c5 h4 48. c6 h3 49. c7 h2 50. c8=Q h1=Q 51. Qc5+ Kg6 52. Qd4 Qh2+ 53. Kc5 Qc7+ 54. Kb4 1-0

[Event "Carnaval Quebec U2000"]
[Site "St-Augustin CAN"]
[Date "1999.03.07"]
[Round "4"]
[White "Lacroix, Serge"]
[Black "Cloutier, Jean-Pierre"]
[Result "1-0"]
[WhiteElo "2057"]
[BlackElo "1593"]
[PlyCount "135"]
[GameId "2160767911805445"]
[EventDate "1999.03.05"]
[EventType "swiss"]
[EventRounds "5"]
[EventCountry "CAN"]
[SourceTitle "Lacroix"]

1. e4 e5 2. Nf3 Nc6 3. Bb5 a6 4. Ba4 Nf6 5. O-O Be7 6. Re1 b5 7. Bb3 d6 8. c3 O-O 9. h3 Na5 10. Bc2 c5 11. d4 Qc7 12. Nbd2 Bd7 13. Nf1 cxd4 14. cxd4 Rfc8 15. Bd3 Nc6 16. dxe5 dxe5 17. Be3 Nb4 18. Rc1 Qd6 19. Bb1 Be6 20. a3 Nc6 21. Ng3 g6 22. Bc5 Qxd1 23. Rexd1 Bxc5 24. Rxc5 Nd7 25. Rcc1 Nb6 26. Bd3 Nc4 27. Bxc4 Bxc4 28. Rd6 Kf8 29. b3 Ke7 30. Rxc6 Rxc6 31. bxc4 f6 32. Nf1 Rac8 33. Ne3 bxc4 34. Rc3 Ke6 35. g4 R8c7 36. Nd2 Rd7 37. Rxc4 Rxc4 38. Ndxc4 Rd4 39. f3 Rd3 40. Kf2 Rb3 41. a4 Rb1 42. a5 Rh1 43. Kg2 Ra1 44. h4 Ra2+ 45. Kg3 Ra4 46. h5 Ra1 47. hxg6 hxg6 48. Kf2 Ra4 49. Ke2 Ra2+ 50. Kd3 Rf2 51. Nd2 Rh2 52. Nd5 Rh7 53. Nb3 Rb7 54. Kc4 Kd6 55. Nxf6 Rc7+ 56. Kd3 Rb7 57. Nd2 Kc5 58. Nd5 Rb2 59. Nc7 Ra2 60. Nxa6+ Kb5 61. Nc7+ Kxa5 62. Nc4+ Kb4 63. Nxe5 Ra3+ 64. Kd4 g5 65. Ne6 Ra8 66. Nxg5 Rd8+ 67. Ke3 Kc3 68. f4 1-0

[Event "Carnaval Quebec U2000"]
[Site "St-Augustin CAN"]
[Date "1999.03.07"]
[Round "4"]
[White "Morin, Gaetan"]
[Black "Morin, Louis"]
[Result "0-1"]
[WhiteElo "1691"]
[BlackElo "1870"]
[PlyCount "42"]
[GameId "2160767911805446"]
[EventDate "1999.03.05"]
[EventType "swiss"]
[EventRounds "5"]
[EventCountry "CAN"]
[SourceTitle "hb 2013"]

1. e4 e5 2. Nf3 d6 3. d4 Nf6 4. Bc4 Nxe4 5. dxe5 c6 6. O-O d5 7. Be2 Bc5 8. c3 Qe7 9. Nbd2 Nd7 10. Nxe4 dxe4 11. e6 Qxe6 12. Ng5 Qd5 13. Qc2 Nf6 14. Bf4 O-O 15. Rad1 Qf5 16. g3 h6 17. Nxe4 Qxe4 18. Bd3 Qf3 19. Be2 Bf5 20. Qd2 Qd5 21. Qc1 Qxa2 0-1

[Event "Carnaval Quebec U2000"]
[Site "St-Augustin CAN"]
[Date "1999.03.07"]
[Round "5"]
[White "Moskvitch, Andrei"]
[Black "Morin, Louis"]
[Result "1/2-1/2"]
[WhiteElo "1981"]
[BlackElo "1870"]
[PlyCount "83"]
[GameId "2160767911805447"]
[EventDate "1999.03.05"]
[EventType "swiss"]
[EventRounds "5"]
[EventCountry "CAN"]
[SourceTitle "hb 2013"]

1. e4 e5 2. Nc3 Nf6 3. Bc4 Be7 4. d3 O-O 5. f4 exf4 6. Nf3 d6 7. Bxf4 Nbd7 8. O-O Nb6 9. Bb3 d5 10. e5 Nh5 11. Ne2 Nxf4 12. Nxf4 h6 13. c3 Bf5 14. Qe2 Qd7 15. Rae1 Rae8 16. e6 fxe6 17. Ne5 Qd8 18. d4 Bf6 19. Nfg6 Bxg6 20. Nxg6 Rf7 21. Bc2 Nc4 22. Qg4 Qd6 23. b3 Nd2 24. Rf2 Bg5 25. Rxf7 Kxf7 26. Ne5+ Ke7 27. h4 Bf6 28. Ng6+ Kd7 29. Re2 Ne4 30. Bxe4 dxe4 31. Qxe4 Qd5 32. g3 Qxe4 33. Rxe4 c5 34. dxc5 Bxc3 35. Ne5+ Bxe5 36. Rxe5 Rf8 37. Kg2 Rf6 38. b4 Kc6 39. a4 a6 40. Kh3 b6 41. cxb6 Kxb6 42. g4 1/2-1/2

[Event "Carnaval Quebec U2000"]
[Site "St-Augustin CAN"]
[Date "1999.03.07"]
[Round "5"]
[White "Paduano, Gennaro"]
[Black "Lacroix, Serge"]
[Result "0-1"]
[Annotator "Incomplete"]
[WhiteElo "2057"]
[BlackElo "1504"]
[PlyCount "62"]
[GameId "2160767739837763"]
[EventDate "1999.03.05"]
[EventType "swiss"]
[EventRounds "5"]
[EventCountry "CAN"]
[SourceTitle "Lacroix"]

1. Nf3 Nf6 2. g3 e6 3. Bg2 d5 4. d4 c5 5. c4 dxc4 6. Qa4+ Bd7 7. Qxc4 Bc6 8. Nc3 cxd4 9. Nb1 Qd5 10. Nbd2 Qxc4 11. Nxc4 Bd5 12. b3 Bb4+ 13. Bd2 Bxd2+ 14. Ncxd2 Nc6 15. O-O O-O 16. Nc4 Rfd8 17. Na3 a6 18. Rfd1 e5 19. Nc4 Bxc4 20. bxc4 Rac8 21. Rab1 Rc7 22. Nd2 Na5 23. Rb4 Nd7 24. Rdb1 Nc5 25. Bd5 Kf8 26. Nf3 f6 27. Nd2 Nc6 28. R4b2 Na5 29. Rb4 Ke7 30. Ne4 Nxc4 31. Bxc4 Nxe4 {etc.} 0-1

[Event "Cartierville-Ahuntsic m"]
[Site "Montreal CAN"]
[Date "1999.10.09"]
[Round "1"]
[White "Bolduc, Steve"]
[Black "Regnier, Alain"]
[Result "0-1"]
[WhiteElo "2230"]
[BlackElo "2124"]
[PlyCount "65"]
[GameId "2160767911742020"]
[EventDate "1999.10.09"]
[EventType "team"]
[EventRounds "2"]
[EventCountry "CAN"]
[SourceTitle "hb 2011"]

1. e4 e6 2. d4 d5 3. Nd2 Nf6 4. e5 Nfd7 5. Bd3 c5 6. c3 Nc6 7. Ne2 cxd4 8. cxd4 f6 9. exf6 Nxf6 10. O-O Bd6 11. f4 Qb6 12. Nf3 e5 13. fxe5 Nxe5 14. Nxe5 Bxe5 15. Kh1 Bc7 16. Rxf6 Qxf6 17. Nf4 Bxf4 18. Bxf4 Qxf4 19. Qh5+ Kd8 20. Qxd5+ Bd7 21. Rf1 Qe3 22. Rf7 Qe1+ 23. Bf1 Qe6 24. Qg5+ Ke8 25. Bc4 Qe1+ 26. Rf1 Qe7 27. Qg3 Kd8 28. Rf3 Qb4 29. Qg5+ Kc7 30. Qg3+ Qd6 31. Rc3 Raf8 32. Qxg7 Kb8 33. d5 0-1

[Event "Cartierville-Ahuntsic m"]
[Site "Montreal CAN"]
[Date "1999.10.16"]
[Round "2"]
[White "Metivier, Nicolas"]
[Black "Bolduc, Steve"]
[Result "0-1"]
[WhiteElo "1875"]
[BlackElo "2230"]
[PlyCount "104"]
[GameId "2160767911742021"]
[EventDate "1999.10.09"]
[EventType "team"]
[EventRounds "2"]
[EventCountry "CAN"]
[SourceTitle "hb 2011"]

1. e4 e5 2. Nf3 Nc6 3. Bb5 a6 4. Bxc6 dxc6 5. O-O f6 6. d4 exd4 7. Nxd4 c5 8. Nb3 Qxd1 9. Rxd1 Bg4 10. f3 Bd7 11. Be3 b6 12. a4 O-O-O 13. a5 c4 14. axb6 cxb3 15. Rxa6 Bc6 16. Rc1 Bb7 17. Ra7 c6 18. Nd2 Rxd2 19. Bxd2 Bc5+ 20. Kf1 Bxb6 21. Raa1 Bd4 22. c3 Bc5 23. Ra5 Bb6 24. Ra3 Ne7 25. Rxb3 Bc5 26. Ra1 Rd8 27. Ke2 Ng6 28. Be3 Bxe3 29. Kxe3 Ne5 30. Rb4 h5 31. Rd4 h4 32. Rxd8+ Kxd8 33. b3 Kc7 34. g3 h3 35. Rg1 g5 36. g4 Ng6 37. Rg3 Nf4 38. e5 c5 39. exf6 Kd6 40. Rg1 Ke6 41. Rd1 Nd5+ 42. Kf2 Kxf6 43. c4 Nb4 44. Kg3 Nc2 45. Rd7 Ba8 46. Ra7 Bc6 47. Ra5 Nd4 48. Rxc5 Bxf3 49. b4 Bg2 50. b5 Nb3 51. Rc7 Nd2 52. b6 Ne4# 0-1

[Event "Charlesbourg-Tch"]
[Site "Charlesbourg CAN"]
[Date "1999.01.25"]
[Round "6"]
[White "Cote, Jocelyn"]
[Black "Bonneau, Daniel"]
[Result "1-0"]
[WhiteElo "1788"]
[BlackElo "1775"]
[PlyCount "58"]
[GameId "2160767911805712"]
[EventDate "1999.01.25"]
[EventType "team"]
[EventRounds "6"]
[EventCountry "CAN"]

1. e4 b6 2. d4 Bb7 3. Bd3 e6 4. Nc3 Nf6 5. Nge2 d5 6. e5 Nfd7 7. O-O c5 8. b3 cxd4 9. Nxd4 Bb4 10. Ncb5 Nxe5 11. Nxe6 fxe6 12. Qh5+ Nf7 13. Bf4 Nc6 14. c3 Be7 15. Nc7+ Kd7 16. Qxf7 e5 17. Nxd5 g6 18. Be2 Kc8 19. Bg4+ Kb8 20. Nxe7 exf4 21. Qxf4+ Qc7 22. Nxc6+ Bxc6 23. Qxc7+ Kxc7 24. Rfe1 Rhe8 25. Rad1 Rad8 26. Rxe8 Rxe8 27. h3 h5 28. Bf3 Bxf3 29. gxf3 Re2 1-0

[Event "Chicoutimi op"]
[Site "Chicoutimi CAN"]
[Date "1999.04.10"]
[Round "1"]
[White "Perron, Jonathan"]
[Black "Fortier, Marc-Andre"]
[Result "0-1"]
[WhiteElo "1713"]
[BlackElo "2081"]
[PlyCount "68"]
[GameId "2160767911805210"]
[EventDate "1999.04.10"]
[EventType "swiss"]
[EventRounds "4"]
[EventCountry "CAN"]
[SourceTitle "FQE 02"]

1. e4 c5 2. Nf3 d6 3. d4 cxd4 4. Nxd4 Nf6 5. Nc3 g6 6. Be3 Bg7 7. f3 Nc6 8. Qd2 O-O 9. Bc4 Bd7 10. O-O-O Ne5 11. Bb3 Qa5 12. Kb1 Rfc8 13. Nd5 Qxd2 14. Rxd2 Kf8 15. Bg5 Nxd5 16. Bxd5 Nc4 17. Bxc4 Rxc4 18. Be3 b5 19. g4 a5 20. h4 a4 21. h5 a3 22. hxg6 hxg6 23. b3 Rc3 24. Rd3 Rac8 25. Rh2 e5 26. Rxc3 Rxc3 27. Bd2 exd4 28. Bxc3 dxc3 29. Kc1 Be5 30. Rf2 Bf4+ 31. Kd1 Be6 32. Ke2 Bxb3 33. Kd3 Bxa2 34. Kxc3 Bc4 0-1

[Event "Christmas Classic"]
[Site "Vancouver CAN"]
[Date "1999.12.11"]
[Round "3"]
[White "Ottosen, David"]
[Black "Yoos, John"]
[Result "1/2-1/2"]
[WhiteElo "2225"]
[BlackElo "2470"]
[PlyCount "92"]
[GameId "2160767911741753"]
[EventDate "1999.12.11"]
[EventType "swiss"]
[EventRounds "5"]
[EventCountry "CAN"]
[SourceTitle "Albertabase"]
[SourceDate "2003.08.17"]
[SourceVersion "1"]
[SourceVersionDate "2003.08.17"]
[SourceQuality "1"]

1. e4 c5 2. Nf3 Nc6 3. Bb5 g6 4. Bxc6 dxc6 5. O-O Bg7 6. Qe2 e5 7. h3 Qe7 8. b4 cxb4 9. a3 Nf6 10. axb4 Nh5 11. b5 Nf4 12. Qc4 Be6 13. Qa4 Bd7 14. b6 a6 15. Ba3 Qf6 16. Qb3 Be6 17. Qe3 Qd8 18. Bb2 f6 19. Nc3 Bh6 20. Kh1 Qc8 21. Ng1 O-O 22. d3 Bg5 23. Qg3 Bf7 24. Nf3 Nh5 25. Qh2 Bf4 26. g3 Bh6 27. g4 Bf4 28. Qg2 Ng7 29. Ne2 Ne6 30. Nxf4 Nxf4 31. Qh2 g5 32. d4 Bg6 33. Rae1 exd4 34. Nxd4 Qd8 35. h4 Qxb6 36. Ba1 h6 37. e5 c5 38. Ne2 Qc6+ 39. Kg1 fxe5 40. Bxe5 Ne6 41. hxg5 Qf3 42. Ng3 Qxg4 43. Qxh6 Qxg5 44. Qh1 Rad8 45. Qxb7 Rf7 46. Qg2 Bxc2 1/2-1/2

[Event "Christmas Classic"]
[Site "Vancouver CAN"]
[Date "1999.12.12"]
[Round "4"]
[White "Knapper, Brian"]
[Black "Ottosen, David"]
[Result "1/2-1/2"]
[WhiteElo "2020"]
[BlackElo "2232"]
[PlyCount "88"]
[GameId "2160767911741754"]
[EventDate "1999.12.11"]
[EventType "swiss"]
[EventRounds "5"]
[EventCountry "CAN"]
[SourceTitle "Albertabase"]
[SourceDate "2003.08.17"]
[SourceVersion "1"]
[SourceVersionDate "2003.08.17"]
[SourceQuality "1"]

1. d4 d5 2. Nc3 e6 3. e4 Bb4 4. e5 c5 5. Bd2 a6 6. Qg4 Kf8 7. a3 Ba5 8. dxc5 Nd7 9. Qd4 Bc7 10. f4 Ne7 11. Bd3 Nc6 12. Qf2 b6 13. cxb6 Bxb6 14. Qg3 Nc5 15. Nf3 Nxd3+ 16. cxd3 Rb8 17. Ne2 d4 18. O-O Ba7 19. b4 Ne7 20. Ng5 Nf5 21. Qh3 Bb7 22. g4 Ne3 23. Ng3 Qd5 24. N3e4 h5 25. gxh5 Ke7 26. b5 Nf5 27. Bb4+ Ke8 28. Rfc1 Bb6 29. bxa6 Bxa6 30. Bd6 Ra8 31. Rab1 Bd8 32. Rb2 Rc8 33. Rxc8 Bxc8 34. Rb8 Qc6 35. Bb4 Qc7 36. Nd6+ Nxd6 37. Bxd6 Qc1+ 38. Qf1 Qe3+ 39. Kh1 Bd7 40. Ne4 Bc6 41. Qb1 Bxe4+ 42. dxe4 Qf3+ 43. Kg1 Qg4+ 44. Kh1 Qf3+ 1/2-1/2

[Event "Comox Valley Fall op"]
[Site "Courtenay CAN"]
[Date "1999.10.02"]
[Round "1"]
[White "Planas, Rodolfo"]
[Black "Yoos, John"]
[Result "0-1"]
[WhiteElo "1609"]
[BlackElo "2456"]
[PlyCount "58"]
[GameId "2160767911742070"]
[EventDate "1999.10.02"]
[EventType "swiss"]
[EventRounds "5"]
[EventCountry "CAN"]

1. e4 d6 2. f4 e5 3. d3 d5 4. fxe5 dxe4 5. d4 c5 6. d5 Nd7 7. Bf4 g5 8. Bg3 Bg7 9. Nc3 Nxe5 10. Nxe4 Bf5 11. Bb5+ Kf8 12. Nc3 a6 13. Be2 Ne7 14. Nf3 Nxf3+ 15. Bxf3 Bd4 16. Qd2 g4 17. Bd1 Nxd5 18. Nxd5 Qxd5 19. c3 Qe6+ 20. Qe2 Be3 21. Bb3 Qe4 22. Rd1 Re8 23. Kf1 Be6 24. Bc2 Qc6 25. Re1 Bd5 26. Bf2 Bxg2+ 27. Kg1 Bxh1 28. Qf1 Bxf2+ 29. Qxf2 Rxe1+ 0-1

[Event "Comox Valley Fall op"]
[Site "Courtenay CAN"]
[Date "1999.10.02"]
[Round "2"]
[White "Higgs, Ian"]
[Black "Scoones, Dan"]
[Result "0-1"]
[WhiteElo "1873"]
[BlackElo "2294"]
[PlyCount "66"]
[GameId "2160767911742071"]
[EventDate "1999.10.02"]
[EventType "swiss"]
[EventRounds "5"]
[EventCountry "CAN"]

1. e4 c5 2. Nf3 e6 3. d4 cxd4 4. Nxd4 Nf6 5. Nc3 d6 6. Be3 a6 7. a4 Qc7 8. a5 Nbd7 9. Be2 Be7 10. f4 b5 11. Bf3 Bb7 12. Nb3 b4 13. Na4 Bxe4 14. Rc1 Qb7 15. O-O O-O 16. Nd2 Bxf3 17. Rxf3 Qb5 18. b3 Qxa5 19. Rh3 Qf5 20. Nf3 Nd5 21. Nd4 Qe4 22. Qd2 Bf6 23. Ne2 Rac8 24. Bf2 g6 25. c4 bxc3 26. Naxc3 Nxc3 27. Nxc3 Qb4 28. Qd3 d5 29. Ne2 Rxc1+ 30. Nxc1 Nc5 31. Qe3 Ne4 32. Ne2 Be7 33. f5 Nxf2 0-1

[Event "Comox Valley Fall op"]
[Site "Courtenay CAN"]
[Date "1999.10.02"]
[Round "2"]
[White "Morrison, Dan"]
[Black "Neufahrt, Gerhard"]
[Result "0-1"]
[WhiteElo "1647"]
[BlackElo "2156"]
[PlyCount "57"]
[GameId "2160767911742072"]
[EventDate "1999.10.02"]
[EventType "swiss"]
[EventRounds "5"]
[EventCountry "CAN"]

1. e4 e5 2. Nf3 Nc6 3. Bb5 Nd4 4. Bc4 Nxf3+ 5. Qxf3 Nf6 6. d3 c6 7. Nc3 b5 8. Bb3 b4 9. Ne2 h6 10. c3 d5 11. Ba4 Bd7 12. exd5 cxd5 13. Bxd7+ Qxd7 14. Ng3 Rc8 15. Bd2 Be7 16. Nf5 e4 17. Qf4 exd3 18. O-O O-O 19. Rfe1 Ne4 20. Nxe7+ Qxe7 21. f3 bxc3 22. bxc3 Qc5+ 23. Be3 Qxc3 24. fxe4 dxe4 25. Qxe4 d2 26. Red1 Rce8 27. Qd4 Qxe3+ 28. Qxe3 Rxe3 29. Rxd2 0-1

[Event "Comox Valley Fall op"]
[Site "Courtenay CAN"]
[Date "1999.10.02"]
[Round "2"]
[White "Yoos, John"]
[Black "Becherer, Michael"]
[Result "1-0"]
[WhiteElo "2456"]
[BlackElo "1280"]
[PlyCount "61"]
[GameId "2160767911742073"]
[EventDate "1999.10.02"]
[EventType "swiss"]
[EventRounds "5"]
[EventCountry "CAN"]

1. e4 e5 2. f4 Qh4+ 3. g3 Qe7 4. Nc3 exf4 5. d4 d6 6. Bxf4 Nc6 7. Bg2 g6 8. Qd2 Bg4 9. h3 Bd7 10. Nd5 Qd8 11. O-O-O Bg7 12. Ne2 Nge7 13. Bg5 Qc8 14. Bf6 Kf8 15. Nec3 Be6 16. Qg5 Ng8 17. Bxg7+ Kxg7 18. Ne3 h6 19. Qf4 Nd8 20. Rdf1 f6 21. e5 g5 22. exf6+ Kf8 23. Qe4 Qd7 24. h4 gxh4 25. Rxh4 Qh7 26. Qf4 h5 27. Ne4 Qh6 28. Ng5 Nxf6 29. Nxe6+ Nxe6 30. Qxf6+ Qxf6 31. Rxf6+ 1-0

[Event "Comox Valley Fall op"]
[Site "Courtenay CAN"]
[Date "1999.10.02"]
[Round "3"]
[White "Neufahrt, Gerhard"]
[Black "Yoos, John"]
[Result "0-1"]
[WhiteElo "2156"]
[BlackElo "2456"]
[PlyCount "62"]
[GameId "2160767911742074"]
[EventDate "1999.10.02"]
[EventType "swiss"]
[EventRounds "5"]
[EventCountry "CAN"]

1. Nf3 Nf6 2. c3 g6 3. d4 Bg7 4. Bg5 d6 5. Nbd2 h6 6. Bh4 O-O 7. e4 Nbd7 8. Bc4 e5 9. dxe5 dxe5 10. Qe2 Qe8 11. O-O-O Nh5 12. Bg3 Kh7 13. Nh4 Nf4 14. Qe3 Nb6 15. Bb3 a5 16. a3 a4 17. Ba2 Qb5 18. c4 Qc6 19. Kb1 Nd7 20. Ndf3 Qf6 21. c5 Ra5 22. Rc1 b6 23. cxb6 cxb6 24. Rhd1 Nc5 25. Rd2 Rb5 26. Rcd1 Bb7 27. Bd5 Bxd5 28. exd5 Rb3 29. Qe1 Nfd3 30. Rxd3 Nxd3 31. Qe4 Nxb2 0-1

[Event "Comox Valley Fall op"]
[Site "Courtenay CAN"]
[Date "1999.10.02"]
[Round "3"]
[White "Scoones, Dan"]
[Black "Stanford, Mike"]
[Result "1-0"]
[WhiteElo "2294"]
[BlackElo "1956"]
[PlyCount "39"]
[GameId "2160767911742075"]
[EventDate "1999.10.02"]
[EventType "swiss"]
[EventRounds "5"]
[EventCountry "CAN"]

1. g3 c5 2. Nf3 Nf6 3. Bg2 g6 4. O-O Bg7 5. c4 O-O 6. d4 cxd4 7. Nxd4 Nc6 8. Nc3 a6 9. Nc2 d6 10. Ne3 Nd7 11. Bd2 Nc5 12. Rb1 a5 13. b3 Nd4 14. Ned5 Bf5 15. e4 Bd7 16. Bg5 Re8 17. Be3 Nc6 18. Nb5 Rc8 19. a3 f5 20. b4 1-0

[Event "Comox Valley Fall op"]
[Site "Courtenay CAN"]
[Date "1999.10.03"]
[Round "4"]
[White "Chicoine, Avery"]
[Black "Campbell, Jamie"]
[Result "0-1"]
[WhiteElo "1449"]
[BlackElo "1445"]
[PlyCount "110"]
[GameId "2160767911742076"]
[EventDate "1999.10.02"]
[EventType "swiss"]
[EventRounds "5"]
[EventCountry "CAN"]

1. e4 d6 2. d4 Nf6 3. Nc3 g6 4. Bg5 Bg7 5. Nf3 O-O 6. Qd2 Re8 7. Bb5 c6 8. Bc4 Nxe4 9. Nxe4 d5 10. Bxd5 cxd5 11. Nc3 Nc6 12. O-O-O Bg4 13. Ne2 Rc8 14. h3 Bxf3 15. gxf3 Qd7 16. a3 Qf5 17. f4 Nxd4 18. Nxd4 Bxd4 19. c3 Rc4 20. Rhe1 Rec8 21. Re2 Rxc3+ 22. bxc3 Rxc3+ 23. Qxc3 Bxc3 24. Rc2 Qxh3 25. Rxd5 Bf6 26. Rd8+ Kg7 27. Bxf6+ exf6 28. Ra2 Qe6 29. Rdd2 h5 30. f3 Qc6+ 31. Rac2 Qxf3 32. Rf2 Qxa3+ 33. Kd1 b5 34. Ra2 Qb3+ 35. Ke1 Qb1+ 36. Ke2 Qxa2+ 37. Kf3 Qxf2+ 38. Kxf2 a5 39. Ke2 a4 40. Kd2 h4 41. Kc3 h3 42. Kb4 h2 43. Ka3 h1=Q 44. Kb4 Qb1+ 45. Ka5 a3 46. Kb6 a2 47. Ka5 a1=Q+ 48. Kb6 Qg1+ 49. Kb7 Qga7+ 50. Kc6 Q1a6+ 51. Kd5 Qd7+ 52. Ke4 Qf5+ 53. Ke3 Qa3+ 54. Kf2 Qc2+ 55. Kf1 Qa1# 0-1

[Event "Comox Valley Fall op"]
[Site "Courtenay CAN"]
[Date "1999.10.03"]
[Round "4"]
[White "Yoos, John"]
[Black "Scoones, Dan"]
[Result "1/2-1/2"]
[WhiteElo "2456"]
[BlackElo "2294"]
[PlyCount "90"]
[GameId "2160767911742077"]
[EventDate "1999.10.02"]
[EventType "swiss"]
[EventRounds "5"]
[EventCountry "CAN"]

1. e4 d5 2. exd5 Nf6 3. d4 Nxd5 4. c4 Nb6 5. Nf3 g6 6. Be2 Bg7 7. O-O O-O 8. Nc3 Nc6 9. d5 Ne5 10. c5 Nbd7 11. Be3 c6 12. Nxe5 Nxe5 13. f4 Nd7 14. dxc6 bxc6 15. Bf3 Qc7 16. Qa4 Bb7 17. Rfd1 a5 18. Qc2 Rad8 19. Rac1 Bh6 20. g3 e5 21. Rd6 exf4 22. gxf4 Nxc5 23. Rxd8 Rxd8 24. Bxc5 Qxf4 25. Rd1 Rxd1+ 26. Qxd1 Qg5+ 27. Kh1 Qxc5 28. Ne4 Qc1 29. Qxc1 Bxc1 30. Nd6 Ba6 31. Bxc6 Bxb2 32. Bd5 Kg7 33. Nxf7 Kf6 34. Nd8 Ke5 35. Bg8 h5 36. Nc6+ Kf4 37. Nxa5 Bc3 38. Nb3 Bb7+ 39. Kg1 Bc6 40. Bf7 Kf5 41. Kf2 Kf6 42. Bc4 g5 43. h3 g4 44. hxg4 hxg4 45. Bf1 Ke5 1/2-1/2

[Event "Dance o Joy"]
[Site "Edmonton CAN"]
[Date "1999.11.04"]
[Round "1"]
[White "Dewindt, Cor"]
[Black "Ottosen, David"]
[Result "0-1"]
[WhiteElo "1605"]
[BlackElo "2215"]
[PlyCount "64"]
[GameId "2160767911741916"]
[EventDate "1999.11.04"]
[EventType "swiss"]
[EventRounds "4"]
[EventCountry "CAN"]

1. e4 c5 2. f4 Nc6 3. Nf3 g6 4. c3 Nf6 5. d3 Bg7 6. Nbd2 O-O 7. g3 d5 8. Qe2 dxe4 9. Nxe4 Nxe4 10. dxe4 e5 11. Bg2 exf4 12. gxf4 Re8 13. O-O Bf5 14. Rd1 Qb6 15. Nd2 Na5 16. e5 Rad8 17. Nf3 f6 18. Rxd8 Qxd8 19. Be3 fxe5 20. fxe5 b6 21. Bf4 Bd3 22. Qf2 Be4 23. Re1 Bd5 24. b3 Qa8 25. Re3 Qc6 26. h3 Rf8 27. Ne1 g5 28. e6 gxf4 29. e7 Re8 30. Bxd5+ Qxd5 31. Qxf4 Nc6 32. Qg3 Nxe7 0-1

[Event "Dance o Joy"]
[Site "Edmonton CAN"]
[Date "1999.11.11"]
[Round "2"]
[White "Ottosen, David"]
[Black "Anderson, Ashton"]
[Result "1-0"]
[WhiteElo "2210"]
[BlackElo "1690"]
[PlyCount "67"]
[GameId "2160767911741917"]
[EventDate "1999.11.04"]
[EventType "swiss"]
[EventRounds "4"]
[EventCountry "CAN"]

1. c4 e5 2. Nc3 Nf6 3. e4 Nc6 4. g3 d6 5. Bg2 Bg4 6. f3 Bh5 7. Nge2 Be7 8. O-O Qd7 9. a3 O-O 10. d3 Bg6 11. Be3 a6 12. Rc1 Nd8 13. d4 exd4 14. Nxd4 c5 15. Nde2 Nc6 16. Nf4 Ne5 17. Ncd5 Bd8 18. Bh3 Qc6 19. Nxf6+ Bxf6 20. Nd5 b5 21. f4 Nxc4 22. Rxc4 bxc4 23. f5 Bxf5 24. Rxf5 Bd8 25. Qg4 Qd7 26. Bh6 f6 27. Nf4 Kh8 28. Rxf6 Bxf6 29. Qxd7 Rfd8 30. Qc7 gxh6 31. Bf5 Bg7 32. Ne6 Rg8 33. Nxg7 Rxg7 34. Qxd6 1-0

[Event "Dance o Joy"]
[Site "Edmonton CAN"]
[Date "1999.11.18"]
[Round "3"]
[White "Dean, Tim"]
[Black "Ottosen, David"]
[Result "0-1"]
[WhiteElo "1855"]
[BlackElo "2220"]
[PlyCount "62"]
[GameId "2160767911741918"]
[EventDate "1999.11.04"]
[EventType "swiss"]
[EventRounds "4"]
[EventCountry "CAN"]

1. e4 e5 2. Nf3 Nc6 3. Bc4 Nf6 4. Ng5 d5 5. exd5 Na5 6. Bb5+ c6 7. dxc6 bxc6 8. Be2 h6 9. Nh3 g5 10. d3 Bc5 11. Be3 Bxe3 12. fxe3 Qb6 13. Qc1 Bxh3 14. gxh3 Qb4+ 15. Qd2 Qxb2 16. Qc3 Qc1+ 17. Kf2 Qxh1 18. Qxe5+ Kf8 19. Qxf6 Qxh2+ 20. Ke1 Rh7 21. Qf5 Qg3+ 22. Kf1 Rg7 23. Qxa5 Rg6 24. Qf5 Kg7 25. Nd2 Re8 26. Qf2 Qxh3+ 27. Ke1 Rxe3 28. Ne4 Rxe4 29. dxe4 Qc3+ 30. Kd1 Qxa1+ 31. Kd2 Rd6+ 0-1

[Event "Dance o Joy"]
[Site "Edmonton CAN"]
[Date "1999.11.25"]
[Round "4"]
[White "Ottosen, David"]
[Black "Belleau, David"]
[Result "1-0"]
[WhiteElo "2220"]
[BlackElo "1880"]
[PlyCount "93"]
[GameId "2160767911741919"]
[EventDate "1999.11.04"]
[EventType "swiss"]
[EventRounds "4"]
[EventCountry "CAN"]

1. e4 c5 2. Nf3 d6 3. Bb5+ Bd7 4. Bxd7+ Qxd7 5. d4 cxd4 6. Nxd4 Nf6 7. Qe2 Nc6 8. Nb3 e6 9. c4 Be7 10. O-O O-O 11. Nc3 a6 12. Rd1 Qc7 13. Bf4 Ne5 14. Rac1 Ng6 15. Be3 Rac8 16. Nd2 Rfd8 17. f3 Nd7 18. a3 Qb8 19. b4 Bf6 20. Nb3 b5 21. Na5 bxc4 22. Nxc4 Rc6 23. Na5 Rxc3 24. Rxc3 Bxc3 25. Nc6 Qc7 26. Nxd8 Qxd8 27. Rxd6 Qc7 28. Rxa6 Nf4 29. Ra8+ Nf8 30. Qb5 Qd6 31. h3 Be5 32. Qf1 Nh5 33. Bc5 Bh2+ 34. Kh1 Ng3+ 35. Kxh2 Nxf1+ 36. Kg1 Qh2+ 37. Kxf1 h5 38. Rxf8+ Kh7 39. Rxf7 Qe5 40. Ra7 h4 41. a4 Qa1+ 42. Kf2 Qb2+ 43. Kg1 Qc1+ 44. Kh2 Qf4+ 45. Kh1 Qc1+ 46. Bg1 Qc4 47. b5 1-0